Villes les plus proches du Rhône - Statistiques

Statistiques générales
  • Ce quiz a été pris 66 fois
  • Le résultat moyen est 13 sur 31
Statistiques - réponses
Distance (Kilomètres) Population (Milliers) Ville % Correct
0 522 Lyon
98%
35 862 Marseille
86%
0 64 Valence
86%
0 91 Avignon
79%
44 158 Grenoble
79%
14 148 Nîmes
71%
20 174 Saint Etienne
70%
0 40 Montélimar
67%
18 132 Annecy
65%
0 53 Arles
60%
37 147 Aix en Provence
59%
0 204 Genève
59%
14 59 Chambéry
57%
33 42 Bourg en Bresse
56%
50 299 Montpellier
56%
0 30 Vienne
52%
50 34 Mâcon
51%
46 43 Alès
35%
21 140 Lausanne
35%
9 31 Aix les bains
19%
10 33 Romans sur Isère
19%
22 45 Salon de Provence
19%
21 36 Villefranche sur Saône
19%
0 35 Sion
16%
27 37 Thonon les Bains
16%
49 49 Fribourg
3%
44 33 Aoste
2%
44 43 Thoune
2%
15 30 Bourgoin Jallieu
0%
15 30 Carpentas
0%
42 30 Yverdon les Bains
0%
Aucun quiz correspondant
Distribution des résultats
% des personnes avec chaque résultat
Percentile par nombre de réponses
Votre historique - résultats
Vous n’avez pas pris ce quiz